Biggest Issue in Each Presidential Election - Statistics

General Stats
  • This quiz has been taken 22 times
  • The average score is 27 of 60
Answer Stats
Year Issue % Correct
1944 World War II
100%
1916 World War I
93%
1932 Great Depression
87%
1936 Great Depression
87%
1820 Slavery
80%
1836 Slavery
80%
1848 Slavery
80%
1852 Slavery
80%
1856 Slavery
80%
1860 Slavery
80%
1864 Civil War
73%
1924 Economy
73%
1928 Economy
73%
1984 Economy
73%
1988 Economy
73%
1996 Economy
73%
2000 Economy
73%
2012 Economy
73%
2016 Immigration
73%
1964 Civil Rights
67%
1956 Cold War
67%
1960 Cold War
67%
2020 COVID-19
53%
2004 Iraq War
53%
1968 Vietnam War
53%
1972 Vietnam War
53%
1812 War of 1812
47%
1816 War of 1812
47%
1976 Watergate Scandal
47%
1992 Economic Recession
40%
2008 Economic Recession
40%
1952 Korean War
40%
1844 Texas Annexation
40%
1872 Corruption
33%
1884 Corruption
33%
1980 Inflation
33%
2024 Inflation
33%
1948 Marshall Plan
33%
1868 Reconstruction
33%
1900 Spanish-American War
33%
1828 Tariffs
33%
1880 Tariffs
33%
1888 Tariffs
33%
1892 Tariffs
33%
1896 Gold Standard
27%
1904 Gold Standard
27%
1940 U.S. Neutrality in World War II
27%
1920 League of Nations
20%
1800 Alien & Sedition Acts
13%
1912 Monopolies/Progressive Reform
13%
1824 Monroe Doctrine
13%
1804 Louisiana Purchase
7%
1908 Panic of 1907
7%
1789 Ratification of Constitution
7%
1808 Embargo Act
0%
1792 Militia Act
0%
1832 National Bank
0%
1840 Panic of 1837
0%
1876 Panic of 1873
0%
1796 Whiskey Rebellion
0%
No matching quizzes found
Score Distribution
Percent of People with Each Score
Percentile by Number Answered
Your Score History
You have not taken this quiz